Atyrau ATMA Airport Destinations - Statistics

General Stats
  • This quiz has been taken 9 times
  • The average score is 11 of 24
Answer Stats
Hint Answer % Correct
Air Astana Astana
100%
FlyArystan Astana
100%
SCAT Airlines Astana
100%
Air Astana Almaty
86%
FlyArystan Almaty
86%
Aeroflot Moscow-Sheremetyevo
86%
FlyArystan Aktau
43%
Qazaq Air Aktau
43%
SCAT Airlines Aktau
43%
FlyArystan Aktobe
43%
Qazaq Air Aktobe
43%
Air Astana Istanbul
43%
FlyArystan Shymkent
43%
Rossiya Airlines Sochi
43%
Air Astana Amsterdam
29%
FlyArystan Karagandy
29%
FlyArystan Kostanay
29%
FlyArystan Kutaisi
29%
FlyArystan Oral
29%
Qazaq Air Oral
29%
FlyArystan Kyzylorda
14%
FlyArystan Sharm El Sheikh
14%
SCAT Airlines Turkistan
14%
SCAT Airlines Ras Al Khaimah
0%
No matching quizzes found
Score Distribution
Percent of People with Each Score
Percentile by Number Answered
Your Score History
You have not taken this quiz